000 00424nam a2200169Ia 4500
008 221030s9999 xx 000 0 und d
020 _a8120320972
041 _aEnglish
082 _a105.23
_bKru
100 _aR. L. Kruse
245 0 _aData Structures & Program Design In C
_cby R. L. Kruse, C. L. Tondo
260 _bPHI
_aNew Delhi
_c2003
300 _a671
650 _aBE Computer
700 _aC. L. Tondo
942 _cBK
999 _c60
_d60